[Event "Gibtelecom Masters"]
[Site "Gibraltar ENG"]
[Date "2006.02.01"]
[Round "9"]
[White "Borchgrevink,H"]
[Black "Shaw,J"]
[Result "1/2-1/2"]
[WhiteElo "2265"]
[BlackElo "2432"]

1.d4 d5 2.Nf3 Nf6 3.c4 c6 4.Nc3 dxc4 5.a4 Bf5 6.e3 e6 7.Bxc4 Bb4 8.O-O O-O
9.Nh4 Qe7 10.Nxf5 exf5 11.Qc2 g6 12.Bd2 Nbd7 13.a5 a6 14.Qb3 Bd6 15.h3 Rab8
16.Rfe1 Ne4 17.Nxe4 fxe4 18.Bc3 Nf6 19.Red1 Rfd8 20.Ra4 Nd5 21.Bxd5 cxd5
22.Bb4 Rbc8 23.Bxd6 Rxd6 24.Rb4 Rc7 25.Qa4 Qe6 26.Qa1 Rdc6 27.Rb3 Qc8 28.Kh2 Kg7
29.Qa3 Qf5 30.Rd2 Rc2 31.Qb4 R7c4 32.Rxc2 Rxc2 33.Qd6 Qxf2 34.Qe5+ Kh6 35.Qg3 Qxg3+
36.Kxg3 Re2 37.Rxb7 Rxe3+ 38.Kf4 Rd3 39.Ke5 e3 40.Kxd5 f5 41.Re7 Rb3 42.g3 g5
43.Kc4 Rxb2 44.Rxe3 f4 45.Rf3 fxg3 46.Rxg3 Kg6 47.h4 h6 48.hxg5 hxg5 49.Re3 Kf5
50.Re5+ Kf4 51.Re6 g4 52.Rxa6 g3 53.Rg6 g2 54.a6 Kf3 55.Kc5 Rc2+ 56.Kb6 Rb2+
57.Kc7 Rc2+  1/2-1/2

[Event "11th HIT Open A"]
[Site "Nova Gorica SLO"]
[Date "2006.02.01"]
[Round "9"]
[White "Goh Koon Jong,J"]
[Black "Jeric,S"]
[Result "1/2-1/2"]
[WhiteElo "2428"]
[BlackElo "2328"]

1.d4 d5 2.c4 c6 3.Nf3 Nf6 4.Nc3 dxc4 5.a4 Bf5 6.Ne5 Nbd7 7.Nxc4 Qc7 8.g3 e5
9.dxe5 Nxe5 10.Bf4 Nfd7 11.Bg2 Be7 12.O-O f6 13.Ne3 Be6 14.Qc2 Qa5 15.Kh1 O-O
16.Nf5 Bb4 17.Nd4 Bf7 18.Ne4 Kh8 19.Rfd1 Rad8 20.Nb3 Qc7 21.a5 a6 22.Rd4 Be7
23.Rad1 Nb8 24.h4 Rxd4 25.Rxd4 Rd8 26.Rxd8+ Bxd8 27.Nbc5 Nbd7 28.b4 Be7 29.Qc3 Nf8
30.Ng5 Bg8 31.h5 Qd7 32.Bxe5 fxe5 33.Nge4 Qc7 34.Nd3 Nd7 35.h6 Bd5 36.hxg7+ Kxg7
37.Nd2 Qd6 38.Nc4 Bxg2+ 39.Kxg2 Qd5+ 40.f3 Bf6 41.e4 Qe6 42.Ne3 Qa2+ 43.Nf2 Kf7
44.Nc4 Ke6 45.Ne3 Be7 46.Nf5 Bf8 47.f4 c5 48.Kf3 c4 49.Ne3 Qb3 50.Qxc4+ Qxc4
51.Nxc4 Bxb4 52.Nd3 Bc3 53.fxe5 Bd4 54.Nf4+ Ke7 55.e6 Nc5 56.e5 Nxe6 57.Ke4 Bf2
58.Nd6 Nd8 59.Kd5 Be1 60.Nf5+ Ke8 61.e6 Bxa5 62.e7 Kf7 63.exd8=Q Bxd8 64.Nd6+ Kf6
65.Nxb7 Bc7 66.Ke4 Kg5 67.Kf3 Be5 68.Nd8 Bc3 69.Nf7+ Kf5 70.g4+ Kf6 71.Nd6 Ke7  1/2-1/2

[Event "Gibtelecom Masters"]
[Site "Gibraltar ENG"]
[Date "2006.02.02"]
[Round "10"]
[White "Schuurman,P"]
[Black "Kobese,W"]
[Result "1-0"]
[WhiteElo "2234"]
[BlackElo "2397"]

1.d4 d5 2.c4 c6 3.Nc3 Nf6 4.Nf3 dxc4 5.a4 Bf5 6.e3 e6 7.Bxc4 Bb4 8.O-O Nbd7
9.Qe2 Bg6 10.e4 Bxc3 11.bxc3 Nxe4 12.Ba3 Qa5 13.Rfc1 a6 14.h3 Qc7 15.Nh4 Ndf6
16.Nxg6 hxg6 17.Rab1 b5 18.Bd3 Ng5 19.Qe3 Rh5 20.c4 bxc4 21.Bxc4 Kd7 22.d5 Nfe4
23.dxe6+ fxe6 24.Rd1+ Ke8 25.Bxe6  1-0

[Event "Gibtelecom Masters"]
[Site "Gibraltar ENG"]
[Date "2006.02.02"]
[Round "10"]
[White "Wells,P"]
[Black "Swathi,G"]
[Result "1/2-1/2"]
[WhiteElo "2501"]
[BlackElo "2244"]

1.d4 d5 2.c4 c6 3.Nf3 Nf6 4.Nc3 dxc4 5.a4 Bf5 6.Ne5 Nbd7 7.Nxc4 Qc7 8.g3 e5
9.dxe5 Nxe5 10.Bf4 Nfd7 11.Bg2 g5 12.Bxe5 Nxe5 13.Qd4 f6 14.O-O-O Be6 15.Nxe5 Qxe5
16.Qxe5 fxe5 17.Rd3 Bc5 18.Ne4  1/2-1/2

[Event "3rd ch-Mediterranean"]
[Site "Antalya TUR"]
[Date "2006.02.03"]
[Round "4"]
[White "Mohammad,Sa"]
[Black "Borg,A"]
[Result "1-0"]
[WhiteElo "2320"]
[BlackElo "2151"]

1.d4 d5 2.Nf3 Nf6 3.c4 c6 4.Nc3 dxc4 5.a4 Bf5 6.Ne5 Nbd7 7.Nxc4 Qc7 8.g3 e5
9.dxe5 Nxe5 10.Bf4 Nfd7 11.Bg2 f6 12.O-O Nc5 13.Bxe5 fxe5 14.Ne3 Bg6 15.Bh3 Rd8
16.Qe1 Nb3 17.Rd1 Nd4 18.Bg2 Be7 19.Be4 Bf7 20.Nf5 Nxf5 21.Rxd8+ Qxd8 22.Bxf5 O-O
23.Qb1 g6 24.Bd3 Qb6 25.Qc2 a5 26.Ne4 Rd8 27.Bc4 Rd4 28.Bxf7+ Kxf7 29.e3 Rd5
30.h4 Kg7 31.h5 Qb4 32.hxg6 hxg6 33.Rc1 Qb6 34.Kg2 Qd8 35.Qc4 Qd7 36.Rc2 Qf5
37.f3 Qd7 38.g4 Qd8 39.Qe2 Bb4 40.Qf2 Be7 41.Qg3 Bh4 42.Qh2 Bg5 43.Kf2 Bh4+
44.Ke2 Bf6 45.Qg1 Bg5 46.Qe1 Be7 47.Qg3 Bh4 48.Qg1 Bg5 49.Qc1 Be7 50.Nc3 Rd3
51.Rd2 Rxd2+ 52.Qxd2 Qxd2+ 53.Kxd2 Kf7 54.Kd3 Ke6 55.Ke4 Bb4 56.Ne2 b5 57.b3 bxa4
58.bxa4 Bd2 59.Kd3 Bb4 60.Nc1 Kd5 61.Nb3 Be1 62.e4+ Kd6 63.Kc4 Bb4 64.Nc1 Bd2
65.Nd3 Be3 66.Kc3 Bd4+ 67.Kb3 Kc7 68.Kc4 Kb6 69.f4 Be3 70.Nxe5 Bxf4 71.Nxg6 Bg5
72.Ne5 Kc7 73.Kd3 Bh4 74.Nc4 Be1 75.e5 Kd7 76.Ke4 Ke6 77.g5 Bb4 78.g6 Bc3
79.Kf4 Bb4 80.Kg5 Bf8 81.Nxa5 c5 82.Nc4 Kd5 83.a5 Kxc4 84.a6 Kd3 85.a7 c4
86.a8=Q Be7+ 87.Kf5 c3 88.Qe4+ Kd2 89.Qd4+  1-0

[Event "3rd ch-Mediterranean"]
[Site "Antalya TUR"]
[Date "2006.02.03"]
[Round "4"]
[White "Topel,Z"]
[Black "Atalik,E"]
[Result "0-1"]
[WhiteElo "2103"]
[BlackElo "2399"]

1.d4 d5 2.Nf3 Nf6 3.c4 c6 4.Nc3 dxc4 5.a4 Bf5 6.e3 e6 7.Bxc4 Bb4 8.O-O O-O
9.h3 Nbd7 10.Nh4 a5 11.Nxf5 exf5 12.Qf3 g6 13.Rd1 Qe7 14.Ne2 Nb6 15.Bb3 Nbd5
16.Nf4 Nxf4 17.Qxf4 Ne4 18.Bc2 Rfe8 19.Bxe4 fxe4 20.Bd2 Bd6 21.Qg4 h5 22.Qe2 Bc7
23.g3 h4 24.Qg4 hxg3 25.fxg3 Rad8 26.Rf1 Rd5 27.h4 Qe6 28.Qxe6 Rxe6 29.Kg2 g5
30.g4 gxh4 31.Rf5 h3+ 32.Kxh3 Rh6+ 33.Rh5 Rdxh5+ 34.gxh5 f5 35.Kh4 Bd8+ 36.Kg3 Rxh5
37.Rf1 Kf7 38.Bc3 Ke6 39.Kf2 Bg5 40.Bd2 Rh2+ 41.Ke1 Be7 42.Kd1 Bb4 43.Bc1 b5
44.b3 bxa4 45.bxa4 Ra2 46.Rh1 Kd5 47.Rf1 Ke6 48.Rh1 Rf2  0-1

[Event "TCh-FRA Top 16 Gp A"]
[Site "Clichy FRA"]
[Date "2006.02.05"]
[Round "3"]
[White "Pelletier,Y"]
[Black "Cramling,P"]
[Result "1/2-1/2"]
[WhiteElo "2579"]
[BlackElo "2515"]

1.d4 d5 2.c4 c6 3.Nf3 Nf6 4.Nc3 dxc4 5.a4 Bf5 6.e3 e6 7.Bxc4 Bb4 8.O-O O-O
9.Nh4 Bg6 10.Nxg6 hxg6 11.Qc2 Nbd7 12.Rd1 Qc7 13.g3 Rad8 14.Bd2 a5 15.Rac1 Rfe8
16.Be1 g5 17.h3 Nf8 18.Bf1 Qe7 19.Bg2 N8d7 20.Bd2 Nb6 21.e4 Rxd4 22.Bxg5 Rxd1+
23.Nxd1 Nbd7 24.Qe2 Qf8 25.h4 Nh7 26.e5 Nxg5 27.hxg5 Rd8 28.Nc3 Nc5 29.Be4 Bxc3
30.Rxc3 Nxe4 31.Qxe4 Rd1+ 32.Kg2 g6 33.Rd3  1/2-1/2

[Event "3rd ch-Mediterranean"]
[Site "Antalya TUR"]
[Date "2006.02.06"]
[Round "8"]
[White "Topel,Z"]
[Black "Atakisi,U"]
[Result "1/2-1/2"]
[WhiteElo "2103"]
[BlackElo "2441"]

1.d4 d5 2.c4 c6 3.Nf3 Nf6 4.Nc3 dxc4 5.a4 Bf5 6.e3 e6 7.Bxc4 Bb4 8.O-O O-O
9.Nh4 Bg4 10.f3 Nd5 11.fxg4 Qxh4 12.Qf3 Qe7 13.Bd2 Nd7 14.e4 N5b6 15.Bb3 e5
16.Be3 exd4 17.Bxd4 Bc5 18.Ne2 Rad8 19.Kh1 Bxd4 20.Nxd4 Nc5 21.Nf5 Qe5 22.Rad1 Nbd7
23.Nd6 Nxb3 24.Qxb3 Nc5 25.Nxf7 Nxb3 26.Nxe5 Rxf1+ 27.Rxf1 Nc5 28.h4 Re8
29.Nf3 Rxe4 30.g5 Nxa4 31.Rd1 Nb6 32.Rd6 Kf8 33.g6 h6 34.Rd8+ Re8 35.Rd4 Nd5
36.g4 Re2 37.h5 Ke7 38.b4 a6 39.Kg1 Rb2 40.Re4+ Kf6 41.Re8 Rxb4 42.g5+ hxg5
43.Rf8+ Ke6 44.h6 gxh6 45.g7 Ne7 46.Re8 Kf7 47.Rxe7+ Kg8 48.Kg2 Rg4+ 49.Kh3 Rf4
50.Ne5 Re4 51.Kg3 h5 52.Kf3 Re1 53.Kf2 Re4 54.Kf3 Rf4+ 55.Ke3 h4 56.Rxb7 h3
57.Nxc6 h2 58.Rb1 Kxg7 59.Rh1 Rh4 60.Ne5 a5 61.Kf3 a4 62.Ng4 a3 63.Nxh2 a2
64.Kg3 Rb4 65.Ra1 Rb2 66.Nf3 Kf6 67.Ne1 Kf5 68.Nd3 Rb3 69.Rxa2 Rxd3+ 70.Kg2 g4
71.Rb2 Kf4 72.Rb4+ Kg5 73.Rb2 Kh4 74.Ra2 Rg3+ 75.Kh2 Re3 76.Kg2  1/2-1/2

[Event "ch-CUB sf"]
[Site "Santa Clara CUB"]
[Date "2006.02.08"]
[Round "4"]
[White "Almeida,O"]
[Black "Pozo Vera,S"]
[Result "1/2-1/2"]
[WhiteElo "2454"]
[BlackElo "2369"]

1.d4 d5 2.Nf3 Nf6 3.c4 c6 4.Nc3 dxc4 5.a4 Bf5 6.e3 e6 7.Bxc4 Bb4 8.O-O O-O
9.Nh4 Nbd7 10.Nxf5 exf5 11.Qc2 g6 12.f3 a5 13.Ba2 Nb6 14.Qf2 c5 15.Rd1 Qe7
16.Bb3 f4 17.e4 cxd4 18.Ne2 g5 19.Nxd4 Rad8 20.Nf5 Rxd1+ 21.Bxd1 Qe5 22.Kh1 Nc4
23.Bb3 Nd6 24.Qd4 Qxd4 25.Nxd4 Rd8 26.Ne2 Nd7 27.g3 g4 28.Bxf4 gxf3 29.Nd4 Nxe4
30.Nxf3 Ndc5 31.Bc4 Nd3 32.b3 Nxf4 33.gxf4 Nd2 34.Rg1+ Kf8 35.Nxd2 Rxd2 36.Rg5 Rd6
37.Rf5 f6 38.Kg2 b6 39.Kf3 Kg7 40.Rh5 Rd4 41.Rh3 Bc5 42.Rg3+ Kh6 43.Kg4 Bd6
44.Rh3+ Kg6 45.Bd3+ Kg7 46.Bb5 Rd5 47.Rg3 f5+ 48.Kf3+ Kf6 49.Rh3 Rd4  1/2-1/2

[Event "ch-CUB sf"]
[Site "Santa Clara CUB"]
[Date "2006.02.09"]
[Round "5"]
[White "Borges Mateos,J"]
[Black "Pujols,C"]
[Result "1/2-1/2"]
[WhiteElo "2449"]
[BlackElo "2350"]

1.Nf3 Nf6 2.c4 c6 3.d4 d5 4.Nc3 dxc4 5.a4 Bf5 6.Ne5 Nbd7 7.Nxc4 Qc7 8.g3 e5
9.dxe5 Nxe5 10.Bf4 Nfd7 11.Bg2 g5 12.Ne3 gxf4 13.Nxf5 O-O-O 14.Qc2 Nc5 15.O-O Ne6
16.Rad1 Kb8 17.Qe4 Ng6 18.b4 Rxd1 19.Rxd1 Qe5 20.Qxe5+ Nxe5 21.b5 Bb4 22.Ne4 Kc7
23.bxc6 bxc6 24.Nd4 fxg3 25.Nxe6+ fxe6 26.hxg3 h6 27.Bh3 Re8 28.f4 Nf7 29.Nf6 Rd8
30.Rc1 Ba3 31.Rc2 Rd1+ 32.Kf2 Nd8 33.Ng4 Bf8 34.Ne5 Rd5 35.Bg2 Rc5 36.Nc4 Bg7
37.Bh3 Kd7 38.e3 Ke7 39.Bf1 Nf7  1/2-1/2

[Event "TCh-FIN 2005-6"]
[Site "Jyvaskyla FIN"]
[Date "2006.02.11"]
[Round "7"]
[White "Nyback,T"]
[Black "Karttunen,M"]
[Result "0-1"]
[WhiteElo "2562"]
[BlackElo "2421"]

1.d4 d5 2.c4 c6 3.Nc3 Nf6 4.Nf3 dxc4 5.a4 Bf5 6.Ne5 Nbd7 7.Nxc4 Nb6 8.Ne5 a5
9.f3 Nfd7 10.Nxd7 Nxd7 11.e4 Bg6 12.d5 e5 13.dxe6 fxe6 14.Bc4 e5 15.Be3 Bc5
16.Qd2 Bxe3 17.Qxe3 Qb6 18.Qxb6 Nxb6 19.Be2 O-O-O 20.Kf2 Bf7 21.b3 Rd4 22.Rab1 Rb4
23.Bd1 Nd7 24.Bc2 Nc5 25.Na2 Rd4 26.Rhd1 Rhd8 27.Rxd4 Rxd4 28.Ke3 Nxa4 29.f4 Nc5
30.fxe5 Rd8 31.Nc1 Re8 32.Kd4 Nd7 33.Nd3 b6 34.Rf1 c5+ 35.Ke3 Bg6 36.Nf4 Nxe5
37.Nxg6 Nxg6 38.Bd3 Kc7 39.Bb5 Re7 40.Rd1 Ne5 41.Rd5 Nc6 42.Bc4 Ne5 43.Bb5 Nf7
44.Kf4 Nd6 45.Bd3 Rf7+ 46.Ke3 Kc6 47.Rg5 Re7 48.Kf4 g6 49.h4 Nb5 50.e5 Nd4
51.Rg3 Ne6+ 52.Ke4 b5 53.Rf3 c4 54.bxc4 Nc5+ 55.Ke3 bxc4 56.Bxc4 Rxe5+ 57.Kd2 Re4
58.Rf6+ Kd7 59.Bg8 Rxh4 60.Rf7+ Ke8 61.Ra7 Ne4+ 62.Ke3 Nf6 63.Bf7+ Kf8 64.Bb3 Rb4
65.Bc2 Rb5 66.Bd3 Rg5 67.Bc4 Ke8 68.Kf3 Nd7 69.Kf4 Rf5+ 70.Ke4 Ke7 71.Kd4 Kd6
72.Bd3 Rd5+ 73.Ke3 Re5+ 74.Kd4 Rd5+ 75.Ke3 Nc5 76.Bc4 Re5+ 77.Kd4 Re4+ 78.Kc3 Rg4
79.Rxh7 Rg3+ 80.Kd4 Rg4+ 81.Kc3 Rxg2 82.Ra7 Rg3+ 83.Kd4 Rg4+ 84.Kc3 a4 85.Ra8 Rg3+
86.Kd4 Ne6+ 87.Ke4 Rg4+ 88.Kd3 Nf4+ 89.Kc3 Nd5+ 90.Kd3 Nb6 91.Ra6 Rxc4 92.Rxb6+ Rc6  0-1

[Event "TCh-FIN 2005-6"]
[Site "Jyvaskyla FIN"]
[Date "2006.02.11"]
[Round "7"]
[White "Polaczek,R"]
[Black "Franssila,T"]
[Result "0-1"]
[WhiteElo "2431"]
[BlackElo "2274"]

1.d4 d5 2.c4 c6 3.Nf3 Nf6 4.Nc3 dxc4 5.a4 Bf5 6.e3 e6 7.Bxc4 Bb4 8.O-O Bg6
9.Qe2 O-O 10.Ne5 Nbd7 11.Nxg6 hxg6 12.Rd1 Nb6 13.Bb3 Nbd5 14.Na2 Be7 15.e4 Nb4
16.Nc3 Qa5 17.e5 Nfd5 18.Ne4 c5 19.Bg5 cxd4 20.Qg4 Nc6 21.Qh4 Rfe8 22.Rd3 Nxe5
23.Rh3 f6 24.Bxd5 exd5 25.Nxf6+ Bxf6 26.Bxf6 gxf6 27.Qxf6 Nf7 28.Qxg6+ Kf8
29.Rf1 Re1 30.Qf5 Rae8 31.Rh8+ Ke7 32.Rxe8+ Kxe8 33.g4 Rxf1+ 34.Kxf1 Qxa4
35.Qc8+ Nd8 36.Kg2 Qd7  0-1

[Event "Premier"]
[Site "Portsmouth ENG"]
[Date "2006.02.18"]
[Round "2"]
[White "Gormally,D"]
[Black "Coates,K"]
[Result "1-0"]
[WhiteElo "2573"]
[BlackElo "2197"]

1.d4 d5 2.c4 c6 3.Nf3 Nf6 4.Nc3 dxc4 5.a4 Bf5 6.e3 e6 7.Bxc4 Bb4 8.O-O Nbd7
9.Qe2 Bg6 10.Rd1 Qc7 11.Bd2 a5 12.Rac1 O-O 13.h3 Rfe8 14.Nh4 Nb6 15.Bb3 Qe7
16.Nxg6 hxg6 17.e4 e5 18.dxe5 Qxe5 19.f4 Qe7 20.e5 Bxc3 21.Rxc3 Nbd5 22.Rg3 Qc5+
23.Kh2 Rad8 24.Qf3 Nh7 25.h4 Nf8 26.h5 Re6 27.hxg6 Rxg6 28.f5 Rxg3 29.Qxg3 Ne7
30.Be3  1-0

[Event "Premier"]
[Site "Portsmouth ENG"]
[Date "2006.02.18"]
[Round "3"]
[White "Wells,P"]
[Black "Kobese,W"]
[Result "1/2-1/2"]
[WhiteElo "2501"]
[BlackElo "2397"]

1.d4 d5 2.c4 c6 3.Nf3 Nf6 4.Nc3 dxc4 5.a4 Bf5 6.Ne5 e6 7.f3 Bb4 8.e4 Bxe4
9.fxe4 Nxe4 10.Bd2 Qxd4 11.Nxe4 Qxe4+ 12.Qe2 Bxd2+ 13.Kxd2 Qd5+ 14.Kc2 O-O
15.Qe3 Na6 16.Bxc4 Nb4+ 17.Kb3 Qd6 18.Nxf7 Kxf7 19.Rhf1+ Ke8 20.Rxf8+ Kxf8
21.Rf1+ Ke8 22.Bxe6 Qd3+ 23.Qxd3 Nxd3 24.Bg8  1/2-1/2

[Event "2nd Bundesliga Ost 2005-6"]
[Site "Austria AUT"]
[Date "2006.02.24"]
[Round "7"]
[White "Pachta,P"]
[Black "Groetz,H"]
[Result "0-1"]
[WhiteElo "2237"]
[BlackElo "2325"]

1.d4 Nf6 2.c4 c6 3.Nc3 d5 4.Nf3 dxc4 5.a4 Bf5 6.e3 e6 7.Bxc4 Bb4 8.O-O Nbd7
9.Nh4 O-O 10.Nxf5 exf5 11.Qf3 g6 12.Na2 Be7 13.b4 Ne4 14.Rd1 Ndf6 15.Bd2 Ng4
16.Be1 Bd6 17.h3 Qh4 18.Qe2 Rae8 19.Rd3 Ngf6 20.f3 Ng3 21.Qd2 g5 22.Rb3 g4
23.Bf1 Kh8 24.e4 gxh3 25.gxh3 fxe4 26.Bg2 Bf4 27.Qb2 exf3 28.Rxf3 Nd5 29.Bf2 Qg5
30.Bxg3 Bxg3 31.Raf1 Bf4 32.Nc3 Be3+ 33.Kh1 Bxd4 34.h4 Qg7 35.Qb1 Nxc3 36.Qd3 Nd5
37.h5 Re3 38.Qd2 Rxf3 39.Rxf3 Be5 40.Rf5 Qg3  0-1

[Event "2nd ch-SCG Women"]
[Site "Tivat SCG"]
[Date "2006.02.24"]
[Round "4"]
[White "Djukic,Sa"]
[Black "Stojanovic,An"]
[Result "0-1"]
[WhiteElo "2152"]
[BlackElo "2193"]

1.d4 d5 2.c4 c6 3.Nf3 Nf6 4.Nc3 dxc4 5.a4 Bf5 6.Ne5 Nbd7 7.Nxc4 Nb6 8.Nxb6 Qxb6
9.a5 Qc7 10.a6 b6 11.g3 e5 12.dxe5 Qxe5 13.Bg2 Rc8 14.Be3 Bc5 15.Bxc5 Qxc5
16.O-O O-O 17.Qb3 Be6 18.Qc2 Nd5 19.Bxd5 cxd5 20.Qd2 d4 21.Ne4 Qc2 22.Qxd4 Rc4
23.Qd3 Qxb2 24.Ng5 Qc2 25.Nxe6 fxe6 26.Rfd1 h6 27.Kf1 Qxd3 28.Rxd3 Rf7 29.Ra2 Rfc7
30.Rd8+ Kf7 31.Rb8 Rc1+ 32.Kg2 Ke7 33.h4 Kd7 34.Rg8 Kc6 35.Re8 Kd6 36.Rd8+ Kc6
37.Re8 Kd5 38.Rd2+ Ke5 39.Ra2 R1c5 40.Ra3 R5c6 41.Rb8 Kd5 42.Rb7 Kc4 43.Ra1 Kb5
44.Ra2 Rc4 45.Rb8 Rc2 46.Ra1 Rxe2 47.Kf3 Rec2 48.Rb7 Kc6 49.Rb8 Rf7+ 50.Ke4 Rcxf2
51.Rc8+ Kb5 52.Ke5 Re2+ 53.Kd6 e5 54.Ke6 Rf6+ 55.Kd5 Rf7 56.Ke6 Ref2 57.Kxe5 R2f5+
58.Kd6 Rc5 59.Rxc5+ bxc5 60.Rb1+ Kxa6 61.Kxc5 Rc7+ 62.Kd6 Rc3 63.Ra1+ Kb7
64.Rb1+ Ka8 65.g4 Rc4 66.Rg1 a5 67.Ke6 Kb7 68.h5 Rc5 69.Rb1+ Ka6 70.Rb8 Rg5
71.Kf7 Rxg4 72.Rg8 a4  0-1

[Event "1st ONGC Cup"]
[Site "Hyderabad IND"]
[Date "2006.02.26"]
[Round "2"]
[White "Harika,D"]
[Black "Ranjan,Rak"]
[Result "1-0"]
[WhiteElo "2358"]
[BlackElo "2098"]

1.d4 d5 2.Nf3 Nf6 3.c4 c6 4.Nc3 dxc4 5.a4 Bf5 6.e3 e6 7.Bxc4 Bb4 8.Ne5 Nbd7
9.Nxd7 Qxd7 10.Qb3 Be7 11.O-O O-O 12.Rd1 Qc7 13.f3 a6 14.e4 Bg6 15.a5 Rad8
16.Be3 c5 17.d5 exd5 18.Nxd5 Nxd5 19.Rxd5 Bd6 20.h3 Rd7 21.Qb6 Bh2+ 22.Kh1 Rxd5
23.Qxc7 Bxc7 24.Bxd5 Bd6 25.Bxb7 Rb8 26.Bxa6 f5 27.exf5 Bxf5 28.Bc4+ Kf8
29.a6  1-0

[Event "1st ONGC Cup"]
[Site "Hyderabad IND"]
[Date "2006.02.28"]
[Round "5"]
[White "Lalith,B"]
[Black "Sriram,J"]
[Result "1-0"]
[WhiteElo "2277"]
[BlackElo "2444"]

1.Nf3 d5 2.d4 Nf6 3.c4 c6 4.Nc3 dxc4 5.a4 Bf5 6.Nh4 Bd7 7.e3 e6 8.Bxc4 c5
9.Nf3 Nc6 10.O-O Be7 11.d5 exd5 12.Nxd5 Nxd5 13.Bxd5 O-O 14.h3 Qc7 15.Bd2 Rad8
16.Qb3 Bf6 17.Rac1 Ne7 18.e4 Nxd5 19.exd5 Bf5 20.Be3 b6 21.Rfd1 Be4 22.Ng5 Bg6
23.Rd2 Rfe8 24.Nf3 Qd6 25.Ne1 h6 26.Nc2 Re4 27.a5 Rb8 28.Na3 bxa5 29.Qa2 Bd4
30.Nc4 Qxd5 31.Qxa5 Rb4 32.Bxd4 Rxd4 33.Ne3 Qb7 34.Rxd4 cxd4 35.Qd8+ Kh7
36.Rc8 Be4 37.Ng4 Qd5 38.Qh8+ Kg6 39.Rg8 Bxg2 40.Qxg7+ Kf5 41.Nxh6+ Ke6 42.Qxf7+ Kd6
43.Qf8+  1-0

[Event "1st ONGC Cup"]
[Site "Hyderabad IND"]
[Date "2006.03.03"]
[Round "8"]
[White "Harika,D"]
[Black "Swathi,G"]
[Result "1/2-1/2"]
[WhiteElo "2358"]
[BlackElo "2244"]

1.d4 d5 2.Nf3 Nf6 3.c4 c6 4.Nc3 dxc4 5.a4 Bf5 6.e3 e6 7.Bxc4 Bb4 8.Ne5 Nbd7
9.Nxd7 Qxd7 10.O-O O-O 11.f3 Rfd8 12.Qb3 a5 13.Rd1 Bg6 14.e4 Qe7 15.Na2 Bc5
16.Be3 Ba7 17.Nc1 Rd7 18.Qc3 c5 19.Nb3  1/2-1/2

[Event "LXIII ch-POL"]
[Site "Krakow POL"]
[Date "2006.03.06"]
[Round "10"]
[White "Dziuba,M"]
[Black "Gajewski,G"]
[Result "1/2-1/2"]
[WhiteElo "2491"]
[BlackElo "2486"]

1.d4 d5 2.c4 c6 3.Nf3 Nf6 4.Nc3 dxc4 5.a4 Bf5 6.Ne5 Nbd7 7.Nxc4 Nb6 8.Ne5 a5
9.g3 e6 10.Bg2 Bb4 11.O-O O-O 12.e3 h6 13.Qe2 Bh7 14.Rd1 Nfd7 15.Nxd7 Nxd7
16.e4 Qe7 17.Be3 Rfd8 18.Rac1 Rac8 19.d5 exd5 20.exd5 Ne5 21.Bb6 Re8 22.dxc6 bxc6
23.Na2  1/2-1/2

[Event "XXII Open"]
[Site "Reykjavik ISL"]
[Date "2006.03.06"]
[Round "1"]
[White "Mankeyev,Raua"]
[Black "Gretarsson,Hj"]
[Result "0-1"]
[WhiteElo "2381"]
[BlackElo "2046"]

1.d4 d5 2.c4 c6 3.Nf3 Nf6 4.Nc3 dxc4 5.a4 Bf5 6.e3 e6 7.Bxc4 Nbd7 8.O-O Bd6
9.Re1 e5 10.h3 O-O 11.e4 Bg6 12.a5 Qc7 13.Bg5 Rfe8 14.d5 Rad8 15.Nd2 h6 16.Be3 Bc5
17.Qf3 Bd4 18.Rec1 Nc5 19.Ra2 Bxc3 20.bxc3 cxd5 21.exd5 e4 22.Qg3 Qc8 23.d6 Kh7
24.Bd4 e3 25.Bxe3 Nce4 26.Qf4 Nxd2 27.Rxd2 Re4 28.Rd4 Rxf4 29.Bxf4 Qc5 30.Ra1 Ne4
31.d7 Nf6 32.Be3 Qc6 33.Rad1 Rxd7 34.Rxd7 Nxd7 35.Be2 Nc5 36.Rd8 Ne6 37.Ra8 Qxc3
38.Bf3 Qxa5 39.Bxb7 Qe1+ 40.Kh2 a5 41.Bd5 Qd1 42.Rxa5 Qc2 43.Ra6 Nc7 44.Rc6 Qf5
45.Bf3 Ne6 46.Rc4 Qe5+ 47.Kg1 f5 48.h4 f4 49.Bb6 Bf5 50.Ra4 Qb5 51.Ra5  0-1

[Event "XXII Open"]
[Site "Reykjavik ISL"]
[Date "2006.03.06"]
[Round "1"]
[White "Marinelli,T"]
[Black "Knutsson,L"]
[Result "1/2-1/2"]
[WhiteElo "2391"]
[BlackElo "2112"]

1.d4 Nf6 2.c4 c6 3.Nf3 d5 4.Nc3 dxc4 5.a4 Bf5 6.e3 e6 7.Bxc4 Bb4 8.O-O O-O
9.Qe2 Bg6 10.Ne5 Nbd7 11.Nxg6 hxg6 12.Na2 Be7 13.b4 a5 14.Bd2 Ne4 15.Rfb1 Nxd2
16.Qxd2 Nb6 17.Bb3 axb4 18.Nxb4 c5 19.a5 cxb4 20.axb6 Qxb6 21.d5 Rxa1 22.Rxa1 Bf6
23.Rd1 Bc3 24.Qa2 exd5 25.Rxd5 Qc6 26.g3 b6 27.Qe2 Bf6 28.e4 Re8 29.Kg2 g5
30.Qf3 Qc3 31.Rd3 g4 32.Qd1 Qe5 33.Bd5 Qh5 34.Rd2 Bc3 35.Ra2 Kh8 36.Ra7 Rf8
37.Qa4 Bd4 38.Qxb4 Qh3+ 39.Kg1 Bxf2+ 40.Kxf2 Qxh2+ 41.Kf1 Rc8 42.Ra8 Qh1+
43.Ke2 Qf3+ 44.Kd2 Qf2+ 45.Kd1 Qf3+ 46.Kd2 Qf2+  1/2-1/2

[Event "XXII Open"]
[Site "Reykjavik ISL"]
[Date "2006.03.08"]
[Round "3"]
[White "Rogers,I"]
[Black "Zaremba,An"]
[Result "1/2-1/2"]
[WhiteElo "2547"]
[BlackElo "2316"]

1.d4 d5 2.c4 c6 3.Nf3 Nf6 4.Nc3 dxc4 5.a4 Bf5 6.Ne5 Nbd7 7.Nxc4 Qc7 8.g3 e5
9.dxe5 Nxe5 10.Bf4 Nfd7 11.Bg2 g5 12.Ne3 gxf4 13.Nxf5 O-O-O 14.Qc2 fxg3 15.hxg3 a5
16.O-O-O Nc5 17.Ne4 Rxd1+ 18.Rxd1 Nxe4 19.Qxe4 Bb4 20.Nh6 Kb8 21.Bh3 Qe7
22.f4 Qc5+ 23.Kb1 Nc4 24.Nxf7 Rg8 25.Qd3 Ba3 26.Ne5 Nxe5 27.fxe5 Bb4 28.Qd6+ Ka7
29.Qxc5+ Bxc5 30.Bf5 Rxg3 31.Rd7 Re3 32.Rxh7 Rxe5 33.e4 Re7 34.Rh3 Bd4 35.b3 Rg7
36.Kc2 Be5 37.Rh5 Rg2+ 38.Kd1 Bf4 39.Rh7 Rb2 40.Rh3 Be5 41.Bc8  1/2-1/2

[Event "70th ch-BUL"]
[Site "Svilengrad BUL"]
[Date "2006.03.08"]
[Round "11"]
[White "Grigorov,G"]
[Black "Galunov,T"]
[Result "1/2-1/2"]
[WhiteElo "2405"]
[BlackElo "2286"]

1.d4 d5 2.Nf3 Nf6 3.c4 c6 4.Nc3 dxc4 5.a4 Bf5 6.e3 e6 7.Bxc4 Bb4 8.O-O O-O
9.Nh4 Bg4 10.f3 Bh5 11.g4 Bg6 12.Nxg6 hxg6 13.e4 Qb6 14.g5 Nfd7 15.Kh1 e5
16.d5 Qd4 17.Qe2 Nb6 18.Ba2 Bxc3 19.bxc3 Qxc3 20.Bd2 Qd4 21.a5 Na4 22.Rfc1 b5
23.dxc6 Nxc6 24.Be3 Nc3 25.Qe1 Nxa2 26.Bxd4 Nxc1 27.Be3 Nb3 28.Rb1 Ncxa5
29.Qg3 Rfe8 30.Bf2 a6 31.Be1 Rad8 32.Bc3 Rd3 33.Qe1 Nc6 34.Rxb3 b4 35.Rxb4 Nxb4
36.Bxb4 Rxf3 37.Qe2 Rb3 38.Qc4  1/2-1/2

[Event "XXII Open"]
[Site "Reykjavik ISL"]
[Date "2006.03.10"]
[Round "5"]
[White "Rogers,I"]
[Black "Tissir,M"]
[Result "1/2-1/2"]
[WhiteElo "2547"]
[BlackElo "2444"]

1.d4 d5 2.c4 c6 3.Nc3 Nf6 4.Nf3 dxc4 5.a4 Bf5 6.Ne5 Nbd7 7.Nxc4 Nb6 8.Ne5 a5
9.f3 Nfd7 10.Nxd7 Nxd7 11.e4 Bg6 12.Be3 Qb6 13.Qd2 e5 14.dxe5 Bc5 15.Bxc5 Qxc5
16.f4 O-O-O 17.Rc1 Nxe5 18.Nd5 Qa7 19.fxe5 Kb8 20.Qc3 cxd5 21.Qc7+ Ka8 22.Rc5 b6
23.Qxa7+ Kxa7 24.Rxd5 Bxe4 25.Rxd8 Rxd8 26.Bb5 Rd4 27.O-O Bd5 28.Be8 Rd2
29.Rf2 Rd1+ 30.Rf1 Rd2 31.Rf2 Rd1+ 32.Rf1 Rd2  1/2-1/2

[Event "TCh-FIN 2005-6"]
[Site "Espoo FIN"]
[Date "2006.03.11"]
[Round "8"]
[White "Salo,H"]
[Black "Franssila,T"]
[Result "0-1"]
[WhiteElo "2262"]
[BlackElo "2274"]

1.d4 d5 2.c4 c6 3.Nf3 Nf6 4.Nc3 dxc4 5.a4 Bf5 6.e3 e6 7.Bxc4 Bb4 8.O-O O-O
9.Qe2 Bg6 10.Ne5 Nbd7 11.Nxg6 hxg6 12.Rd1 Qa5 13.Qc2 Qh5 14.Be2 Qh4 15.g3 Qh3
16.Bf1 Qh5 17.Bg2 Rad8 18.f4 g5 19.Qe2 Qxe2 20.Nxe2 gxf4 21.gxf4 Nc5 22.b3 Nxb3
23.Rb1 Nxc1 24.Nxc1 a5 25.Nd3 Nd5 26.Bxd5 cxd5 27.Nxb4 axb4 28.Rxb4 Ra8 29.Rc1 Ra7
30.Rc7 Rfa8 31.f5 exf5 32.Rd7 Rxa4 33.Rbxb7 Ra1+ 34.Kg2 R8a2+ 35.Kh3 Rg1
36.Rxf7 Rf2 37.Rbd7 Rf3+ 38.Kh4 Rg4+  0-1

[Event "TCh-FIN 2005-6"]
[Site "Espoo FIN"]
[Date "2006.03.11"]
[Round "8"]
[White "Fieandt,J"]
[Black "Pietarinen,P"]
[Result "1/2-1/2"]
[WhiteElo "2162"]
[BlackElo "2134"]

1.d4 d5 2.c4 c6 3.Nf3 Nf6 4.Nc3 dxc4 5.a4 Bf5 6.e3 e6 7.Bxc4 Bb4 8.O-O Nbd7
9.Qe2 O-O 10.e4 Bg6 11.Bg5 Qa5 12.e5 Nd5 13.Nxd5 cxd5 14.Bb5 Nb6 15.Nd2 Nc8
16.Nb3 Qc7 17.Rfc1 Qb8 18.a5 a6 19.Bd7 Na7 20.Ra4 Nc6 21.h4 h6 22.Be3 Be7
23.Nc5 Bxc5 24.Rxc5 Ne7 25.Ra3 Qd8 26.Ba4 Rc8 27.Rac3 Rxc5 28.Rxc5 b5 29.axb6 Qxb6
30.Qd2 Nf5 31.g3 Nxe3 32.fxe3 Rb8 33.b3 Be4 34.Qa5 Qxa5 35.Rxa5 Bc2 36.Rxa6 Bxb3
37.Bxb3 Rxb3 38.Kf2 h5 39.Ra7 Rb2+  1/2-1/2

[Event "XXII Open"]
[Site "Reykjavik ISL"]
[Date "2006.03.11"]
[Round "6"]
[White "Thorhallsson,T"]
[Black "Thorfinnsson,Bj"]
[Result "1-0"]
[WhiteElo "2455"]
[BlackElo "2337"]

1.d4 d5 2.Nf3 c6 3.c4 Nf6 4.Nc3 dxc4 5.a4 Bf5 6.e3 e6 7.Bxc4 Nbd7 8.O-O Bb4
9.Qe2 Bg6 10.Rd1 O-O 11.Ne5 Nxe5 12.dxe5 Nd7 13.Na2 Be7 14.f4 Qc7 15.e4 b5
16.axb5 cxb5 17.Bxb5 Nc5 18.Nc3 Nxe4 19.Nxe4 Bxe4 20.Rd7 Qb6+ 21.Kh1 Rad8
22.Be3 Bc5 23.Ra6 Qxa6 24.Bxa6 Bxe3 25.Rd6 Bc5 26.Qxe4 Bxd6 27.exd6 Rxd6
28.Be2 Rb6 29.Bd3 g6 30.b4 Rfb8 31.b5 Rxb5 32.Bxb5 Rxb5 33.g4 h5 34.h3 hxg4
35.hxg4 a5 36.Kg2 Rd5 37.Kh3 Kg7 38.Kh4 Kg8 39.Qe3 Kg7 40.Qc3+ Kg8 41.Qc7 Kg7
42.Qb8 Rc5 43.Qa8 Rb5 44.Qc6 Rd5 45.Qc3+ Kg8 46.Qf6 Rb5 47.Qd4 Rd5 48.Qc4 Kg7
49.f5 gxf5 50.g5 f4 51.Qc3+ Kh7 52.Qf6 Rf5 53.Qh6+ Kg8 54.g6 fxg6 55.Qxg6+ Kf8
56.Qxe6 Rf7 57.Kg5 f3 58.Kg6 Rg7+ 59.Kf6  1-0

[Event "TCh-BEL 2005-6"]
[Site "Belgium BEL"]
[Date "2006.03.12"]
[Round "10"]
[White "David,Alb"]
[Black "Motwani,P"]
[Result "1/2-1/2"]
[WhiteElo "2591"]
[BlackElo "2505"]

1.Nf3 d5 2.d4 Nf6 3.c4 c6 4.Nc3 dxc4 5.a4 Bf5 6.e3 e6 7.Bxc4 Bb4 8.O-O Nbd7
9.Qe2 Bg4 10.h3 Bxf3 11.Qxf3 O-O 12.Rd1 Rc8 13.Ne4 Nxe4 14.Qxe4 Re8 15.Qf3 Qe7
16.e4 c5 17.Bb5 cxd4 18.Rxd4 Red8 19.Bxd7 Rxd7 20.Bg5 f6 21.Be3 Rxd4 22.Bxd4 Bc5  1/2-1/2